Préfectures françaises - Statistiques

Statistiques générales
  • Ce quiz a été pris 193 fois
  • Le résultat moyen est 66 sur 101
Statistiques - réponses
Département Préfecture % Correct
33 - Gironde Bordeaux
93%
13 - Bouches-du-Rhône Marseille
91%
06 - Alpes-Maritimes Nice
91%
2A - Corse-du-Sud Ajaccio
90%
2B - Haute Corse Bastia
90%
75 - Paris Paris
90%
69 - Rhône Lyon
88%
59 - Nord Lille
87%
34 - Hérault Montpellier
87%
67 - Bas-Rhin Strasbourg
87%
17 - Charente-Martime La Rochelle
84%
31 - Haute-Garonne Toulouse
84%
74 - Haute-Savoie Annecy
82%
01 - Ain Bourg-en-Bresse
82%
14 - Calvados Caen
82%
21 - Côte-d'Or Dijon
82%
83 - Var Toulon
82%
38 - Isère Grenoble
81%
44 - Loire-Atlantique Nantes
81%
35 - Ille-et-Vilaine Rennes
79%
42 - Loire Saint-Etienne
79%
90 - Territoire-de-Belfort Belfort
78%
73 - Savoie Chambéry
78%
29 - Finistère Quimper
78%
30 - Gard Nîmes
76%
68 - Haut-Rhin Colmar
73%
57 - Moselle Metz
73%
26 - Drôme Valence
73%
63 - Puy-de-Dôme Clermont-Ferrand
72%
05 - Hautes-Alpes Gap
72%
76 - Seine-Maritime Rouen
72%
56 - Morbihan Vannes
72%
78 - Yvelines Versailles
72%
25 - Doubs Besançon
70%
53 - Mayenne Laval
70%
72 - Sarthe Le Mans
70%
54 - Meurthe-et-Moselle Nancy
70%
40 - Landes Mont-de-Marsan
69%
10 - Aube Troyes
69%
60 - Oise Beauvais
67%
972 - Martinique Fort-de-France
67%
85 - Vendée La-Roche-sur-Yon
67%
66 - Pyrénées-Orientales Perpignan
67%
22 - Côte d'Armor Saint-Brieuc
67%
19 - Corrèze Tulle
67%
80 - Somme Amiens
66%
18 - Cher Bourges
66%
45 - Loiret Orléans
66%
37 - Indre-et-Loire Tours
66%
11 - Aude Carcassonne
64%
28 - Eure-et-Loir Chartres
64%
64 - Pyrénées-Atlantiques Pau
64%
974 - La Réunion Saint-Denis
64%
58 - Nièvre Nevers
63%
50 - Manche Saint-Lô
63%
49 - Maine-et-Loire Angers
61%
16 - Charente Angoulême
61%
15 - Cantal Aurillac
61%
84 - Vaucluse Avignon
61%
91 - Essonne Evry
61%
23 - Creuse Guéret
61%
03 - Allier Moulins
61%
86 - Vienne Poitiers
61%
07 - Ardèche Privas
61%
62 - Pas-de-Calais Arras
60%
32 - Gers Auch
60%
89 - Yonne Auxerre
60%
08 - Ardennes Charleville-Mézières
60%
79 - Deux-Sèvres Niort
60%
12 - Aveyron Rodez
60%
36 - Indre Châteauroux
58%
95 - Val-d'Oise Cergy/Pontoise
57%
27 - Eure Evreux
57%
09 - Ariège Foix
57%
02 - Aisne Laon
57%
87 - Haute-Vienne Limoges
57%
24 - Dordogne Périgueux
57%
973 - Guyane Cayenne
55%
04 - Alpes de Haute- Provence Digne-les-Bains
55%
39 - Jura Lons-le-Saunier
55%
43 - Haute-Loire Le-Puy-en-Velay
54%
92 - Hauts-de-Seine Nanterre
54%
61 - Orne Alençon
52%
88 - Vosges Epinal
52%
47 - Lot-et-Garonne Agen
51%
93 - Seine-Saint-Denis Bobigny
51%
46 - Lot Cahors
51%
71 - Saône-et-Loire Mâcon
51%
65 - Hautes-Pyrénées Tarbes
51%
971 - Guadeloupe Basse-Terre
49%
41 - Loir-et-Cher Blois
49%
55 - Meuse Bar-le-Duc
48%
48 - Lozère Mende
48%
81 - Tarn Albi
46%
51 - Marne Châlons-en-Champagne
46%
94 - Val-de-Marne Créteil
46%
976 - Mayotte Mamoudzou
46%
82 - Tarn-et-Garonne Montauban
46%
77 - Seine-et-Marne Melun
45%
52 - Haute-Marne Chaumont
43%
70 - Haute-Saône Vesoul
42%
Aucun quiz correspondant
Distribution des résultats
% des personnes avec chaque résultat
Percentile par nombre de réponses
Votre historique - résultats
Vous n’avez pas pris ce quiz